|
|
|
|
| LEADER |
00000ny a22000003n 4500 |
| 005 |
20110511123455.0 |
| 008 |
960111c1996 oncq p 0 a0eng d |
| 022 |
0 |
|
|a 1205-7398
|
| 035 |
|
|
|a 2955
|
| 040 |
|
|
|a UCA
|d vLex
|
| 090 |
|
|
|c 1655
|d 1655
|
| 245 |
0 |
0 |
|a Alternatives journal
|h [Recurso electrn̤ico]
|
| 246 |
3 |
0 |
|a Alternatives
|
| 256 |
|
|
|a Servicio en ln̕ea.
|
| 260 |
|
|
|a Waterloo, Ont. :
|b Faculty of Environmental Studies, University of Waterloo
|
| 310 |
|
|
|a Trimestral
|
| 506 |
1 |
|
|a Contenido solo disponible en los productos indicados
|d vLex Global
|d vLex Global (Academic Edition, excluding Law Schools)
|d vLex Global (Academic Edition, Law Schools)
|
| 650 |
0 |
4 |
|a Ecologa̕
|x Publicaciones perid̤icas
|
| 710 |
2 |
|
|a Environmental Studies Association of Canada
|
| 710 |
2 |
|
|a University of Waterloo.
|b Faculty of Environmental Studies
|
| 740 |
0 |
|
|a vLex Revista (Servicios en ln̕ea)
|
| 780 |
0 |
0 |
|t Alternatives (Peterborough, Ont.)
|x 0002-6638
|
| 780 |
0 |
0 |
|t New city magazine
|g winter 1998
|x 1200-8222
|
| 843 |
|
|
|a Electrn̤ica. Abierta
|
| 853 |
|
|
|8 1
|i (year)
|j (month)
|k (day)
|
| 856 |
4 |
0 |
|z Acceso restringido
|u http://vlex.com/account/login_ip?fuente_id=2955
|
| 942 |
|
|
|c REV
|
| 999 |
0 |
0 |
|a Community-Institutional Relations
|v Periodicals.
|
| 999 |
0 |
0 |
|a Ecology
|v Periodicals.
|
| 999 |
0 |
0 |
|a Environment
|v Periodicals.
|
| 999 |
0 |
0 |
|a Environmental policy
|v Periodicals.
|
| 999 |
0 |
0 |
|a Public Policy
|v Periodicals.
|
| 999 |
0 |
0 |
|a Sustainable development
|v Periodicals.
|